Normal view
MARC view
- Zhou, Dao.
Entry Personal Name
001 - CONTROL NUMBER
- control field: 52775
003 - CONTROL NUMBER IDENTIFIER
- control field: OSt
005 - DATE AND TIME OF LATEST TRANSACTION
- control field: 20240220142504.0
008 - FIXED-LENGTH DATA ELEMENTS
- fixed length control field: 240220|| aca||aabn | a|a d
040 ## - CATALOGING SOURCE
- Original cataloging agency: OSt
- Transcribing agency: OSt
100 ## - HEADING--PERSONAL NAME
- Personal name: Zhou, Dao.
- Relator term: author.
670 ## - SOURCE DATA FOUND
- Source citation: Work cat.: (OSt): Jiao, Ning. author. 52770, The closed-loop sideband harmonic suppression for CHB inverter with unbalanced operation /, May 2022.
